| 000 | 01302cam a2200301 a 4500 | ||
|---|---|---|---|
| 001 | 117544 | ||
| 005 | 20230410132551.0 | ||
| 008 | 040510s2004 sp 000 1 spa | ||
| 010 | _a2005378864 | ||
| 020 | _a842040165X | ||
| 035 | _a(SP-BaPL)pu040062679 | ||
| 040 |
_aDLC _cDLC _dDLC |
||
| 043 | _ae-sp--- | ||
| 050 | 1 | 4 |
_aPQ6662.E43 _bR47 2004 |
| 082 | 0 | 0 | _a863.64 |
| 100 | 1 | _aLeguina, Joaquâin. | |
| 245 | 1 | 3 |
_aEl rescoldo / _cJoaquâin Leguina. |
| 260 |
_aMadrid : _bAlfaguara, _cc2004. |
||
| 300 |
_a290 p. ; _c23 cm. |
||
| 520 | _aFrancisca was a pioneer woman that decided to live her passions without restrictions. Married to her cousin Antonio, a man with doubts about his sexual orientation, she knew how to balance that love with her love for Germinal, an anarchist. But in 1936 the war ended abruptly along with her dream for freedom. This is a story buried by the civil war in which love and politics are fused. | ||
| 651 | 0 |
_aSpain _xHistory _yCivil War, 1936-1939 _vFiction. |
|
| 650 | 4 |
_aRelaciones hombre-mujer _vNovela. |
|
| 650 | 4 |
_aAmor _vNovela. |
|
| 650 | 4 | _aPrimera Jornada de Catalogacion. | |
| 856 | 4 | 2 |
_3Contributor biographical information _uhttp://www.loc.gov/catdir/enhancements/fy1112/2005378864-b.html |
| 923 |
_d20041209 _n114671 _sSpBaP |
||
| 942 |
_2lcc _cbk |
||
| 999 |
_c83830 _d83830 |
||